[Event "Cto. Autonómico por Equipos 2007"]
[Site "Aragón"]
[Date "2007.03.17"]
[Round "8.60"]
[White "Lopez Capape Armando"]
[Black "Requena Munguira Jorge"]
[Result "1-0"]
[WhiteElo "1900"]
[BlackElo "1855"]

1.d4 d5 2.c4 e6 3.Nf3 Nf6 4.g3 dxc4 5.Qa4+ Nbd7 6.Bg2 c6 7.Qxc4 Nb6 8.Qd3 Be7
9.O-O O-O 10.Nc3 Re8 11.Rd1 Bd6 12.e4 Bc7 13.Be3 Qe7 14.Rac1 e5 15.dxe5 Bxe5
16.Nxe5 Qxe5 17.Bd4 Qe7 18.f3 Be6 19.Qe3 Nfd7 20.Qf2 c5 21.Be3 Nc4 22.b3 Nxe3
23.Qxe3 a6 24.f4 f6 25.Rd2 Rad8 26.Rcd1 b6 27.Rd6 c4 28.b4 Bg4 29.R1d2 a5 30.
a3 axb4 31.axb4 Ra8 32.h3 Be6 33.e5 Ra1+ 34.Kh2 fxe5 35.Rxe6 Qf7 36.Rxe8+ Qxe8
37.Bc6 Ra7 38.fxe5 Qxe5 39.Bd5+ Kh8 40.Qxe5 Nxe5 41.Be4 g6 42.Kg2 Ra3 43.Rc2
Rb3 44.b5 Nd3 45.Kf1 Nb4 46.Rc1 Nd3 47.Bxd3 cxd3 48.Ke1 Rb2 49.Rd1 Rh2 50.Rxd3
Rxh3 51.Nd5 Rh1+ 52.Kd2 Rh5 53.Kc3 Re5 54.Kd4 Re6 55.Rc3 Kg7 56.Rc6 Re1 57.
Nxb6 Rg1 58.Rc3 1-0

[Event "Cto. Autonómico por Equipos 2007"]
[Site "Aragón"]
[Date "2007.03.17"]
[Round "8.62"]
[White "Gonzalez Gambau Jorge"]
[Black "Brosa Soto Jesus"]
[Result "1-0"]
[WhiteElo "2020"]
[BlackElo "2127"]

1.e4 e5 2.Nf3 Nf6 3.Nc3 Bb4 4.Nxe5 Qe7 5.Nf3 Nxe4 6.Nxe4 Qxe4+ 7.Be2 Nc6 8.c3
Be7 9.O-O O-O 10.d4 d5 11.Bd3 Qg4 12.h3 Qh5 13.Bf4 Bd8 14.Qb3 Na5 15.Qa4 c6
16.Rfe1 b5 17.Qa3 Bxh3 18.Ne5 g5 19.gxh3 gxf4 20.Kh2 Bc7 21.Qe7 Bxe5 22.Rxe5
f5 23.Rg1+ Kh8 24.Qg7# 1-0

[Event "Cto. Autonómico por Equipos 2007"]
[Site "Aragón"]
[Date "2007.03.17"]
[Round "8.63"]
[White "Glaria Tevar Salvador"]
[Black "Abos Rosico Antonio"]
[Result "0-1"]
[WhiteElo "1936"]
[BlackElo "1957"]

1.d4 d5 2.c4 e6 3.Nc3 Nf6 4.cxd5 exd5 5.Bg5 Nbd7 6.e3 c6 7.Bd3 Be7 8.Qc2 O-O
9.Nge2 Re8 10.O-O Nf8 11.a3 g6 12.b4 a6 13.Rab1 Ne6 14.Bh4 Ng7 15.a4 Bf5 16.b5
axb5 17.axb5 Bxd3 18.Qxd3 Nf5 19.Bg5 Nd6 20.bxc6 bxc6 21.Rfc1 Nc4 22.Bf4 Bd6
23.Rb3 Re7 24.Nb1 Ne4 25.f3 Bxf4 26.exf4 Ned6 27.Ng3 Ra2 28.Nf1 Ree2 29.Nc3
Rxg2+ 30.Kh1 Qh4 31.Nxa2 Qf2 0-1

[Event "Cto. Autonómico por Equipos 2007"]
[Site "Aragón"]
[Date "2007.03.17"]
[Round "8.64"]
[White "Perez Puyal Jose J"]
[Black "Serrano San Nicolas Angel"]
[Result "1-0"]
[WhiteElo "1805"]
[BlackElo "1886"]

1.e4 g6 2.d4 Bg7 3.Be3 d6 4.Nc3 Nf6 5.Qd2 Ng4 6.Bf4 e5 7.dxe5 Nxe5 8.Bg5 Qd7
9.Nd5 O-O 10.Nf6+ Bxf6 11.Bxf6 Qe6 12.Bg5 f5 13.Bh6 Rf7 14.Nh3 Rf6 15.Nf4 Qe8
16.Nd5 Rf7 17.Bg5 Qe6 18.Nf4 Nc4 19.Qe2 1-0

[Event "Cto. Autonómico por Equipos 2007"]
[Site "Aragón"]
[Date "2007.03.24"]
[Round "9.1"]
[White "Lopez Gracia Fernando"]
[Black "Baron Rodriguez Jesus"]
[Result "0-1"]
[WhiteElo "2328"]
[BlackElo "2422"]

1.e4 e5 2.Nf3 Nc6 3.Bb5 a6 4.Ba4 Nf6 5.O-O Nxe4 6.d4 b5 7.Bb3 d5 8.dxe5 Be6 9.
Nbd2 Nc5 10.c3 d4 11.Bxe6 Nxe6 12.cxd4 Ncxd4 13.a4 Be7 14.Nxd4 Nxd4 15.Ne4 O-O
16.Be3 Nf5 17.Qf3 Nxe3 18.fxe3 Kh8 19.Rfd1 Qe8 20.Rac1 Rc8 21.Qh3 Rd8 22.Rf1
Rd5 23.Qg3 Qd7 24.Nc3 Rd2 25.axb5 axb5 26.Ne4 Rd5 27.Nc3 Rd2 28.e4 c6 29.h3
Rxb2 30.Kh1 Rd2 31.Qf4 Rd3 32.Ne2 b4 33.Ng3 g6 34.Kh2 b3 35.Qh6 Qe6 0-1

[Event "Cto. Autonómico por Equipos 2007"]
[Site "Aragón"]
[Date "2007.03.24"]
[Round "9.2"]
[White "Antoli Royo Joaquin Miguel"]
[Black "Gomez Anadon Daniel"]
[Result "1-0"]
[WhiteElo "2304"]
[BlackElo "2280"]

1.e4 c5 2.c3 d5 3.exd5 Qxd5 4.d4 Nf6 5.Nf3 cxd4 6.cxd4 e6 7.Nc3 Qd6 8.Bd3 Nc6
9.O-O Be7 10.Re1 O-O 11.a3 Rd8 12.Be3 b6 13.Qd2 Bb7 14.Rad1 Rac8 15.Bb1 Nd5
16.Bh6 Nxc3 17.bxc3 Bf6 18.Bg5 Bxg5 19.Qxg5 Ne7 20.Ne5 Ng6 21.Bxg6 hxg6 22.Rd3
f6 23.Qxg6 fxe5 24.Rh3 Rd7 25.Ree3 Rf8 26.Reg3 Rff7 27.Rh7 Qxa3 28.h4 Qc1+ 29.
Kh2 Bd5 30.h5 Qf4 31.h6 Qh4+ 32.Rh3 Qf4+ 33.Rg3 Qh4+ {Bandera} 1-0

[Event "Cto. Autonómico por Equipos 2007"]
[Site "Aragón"]
[Date "2007.03.24"]
[Round "9.3"]
[White "Gonzalvo Lara Victor"]
[Black "Lasanta Rica Cesar"]
[Result "1/2-1/2"]
[WhiteElo "2156"]
[BlackElo "2300"]

1.e4 c5 2.Nf3 e6 3.d4 cxd4 4.Nxd4 a6 5.Nc3 b5 6.g3 Bb7 7.Bg2 Nf6 8.O-O b4 9.
Na4 Bxe4 10.Bxe4 Nxe4 11.Re1 d5 12.Nxe6 fxe6 13.Qh5+ g6 14.Qe5 Qf6 15.Rxe4
Qxe5 16.Rxe5 Kf7 17.Re3 Nd7 1/2-1/2

[Event "Cto. Autonómico por Equipos 2007"]
[Site "Aragón"]
[Date "2007.03.24"]
[Round "9.4"]
[White "Glaria Murillo Christian"]
[Black "Moreno Gracia Daniel"]
[Result "1-0"]
[WhiteElo "2202"]
[BlackElo "2122"]

1.e4 e5 2.Nf3 Nc6 3.Bb5 a6 4.Ba4 Nf6 5.d3 d6 6.c3 Bd7 7.O-O g6 8.Nbd2 Bg7 9.
Re1 O-O 10.Nf1 Re8 11.Ne3 Qe7 12.h3 Rad8 13.b4 Nb8 14.Bxd7 Qxd7 15.c4 c6 16.
Bb2 d5 17.exd5 cxd5 18.Nxe5 Qc7 19.Nf3 dxc4 20.Nxc4 Rxe1+ 21.Nxe1 b5 22.Ne3
Nc6 23.Rc1 Qd6 24.a3 Nd4 25.Nf3 Nh5 26.Nxd4 Bxd4 27.Bxd4 Qxd4 28.Qf3 Rd6 29.
Rc8+ Kg7 30.Qxh5 gxh5 31.Nf5+ Kg6 32.Nxd4 Rxd4 33.Rc6+ Kg5 34.Rxa6 Rxd3 35.Ra5
Kg6 36.Rxb5 Rxa3 37.h4 Rb3 38.g3 Rb1+ 39.Kg2 Rb3 40.Rb6+ Kg7 41.Rb8 h6 42.b5
Kh7 43.b6 Kg7 44.Kf1 Rb1+ 45.Ke2 Rb2+ 46.Ke3 Rb3+ 47.Kd4 Rb2 48.Kc5 Rxf2 49.
Rd8 Rc2+ 50.Kd6 Rd2+ 51.Kc7 Rc2+ 52.Kb8 Rc3 53.b7 Rxg3 54.Kc7 Rc3+ 55.Kb6 Rb3+
56.Kc6 Rc3+ 57.Kd7 Rd3+ 58.Kc7 Rc3+ 59.Kb8 Rb3 60.Rd6 Kf8 61.Kc7 Ke7 62.Rc6 f5
63.b8=Q Rxb8 64.Kxb8 1-0

[Event "Cto. Autonómico por Equipos 2007"]
[Site "Aragón"]
[Date "2007.03.24"]
[Round "9.5"]
[White "Ramiro Ovejero Juan Luis"]
[Black "Llorente Zaro Alfonso"]
[Result "1/2-1/2"]
[WhiteElo "2299"]
[BlackElo "2353"]

1.Nf3 d6 2.g3 e5 3.Bg2 f5 4.d3 Be7 5.c4 Nf6 6.Bg5 Nbd7 7.Nc3 O-O 8.O-O Qe8 9.
Bxf6 Nxf6 10.Nd5 Bd8 11.e3 Nxd5 12.cxd5 Qb5 13.Qc2 Qxd5 14.Ng5 Qb5 15.f4 Bxg5
16.fxg5 c6 17.d4 Be6 18.Qc3 Bd5 19.a4 Qb3 20.dxe5 Qxc3 21.bxc3 dxe5 22.Rab1
Bxg2 23.Kxg2 Rf7 24.g4 f4 25.Rb4 Rd8 26.exf4 a5 27.Re4 exf4 28.Rfxf4 Rd2+ 29.
Kg1 Rxf4 30.Rxf4 Rd3 31.Rc4 Kf7 32.Kf2 Rh3 33.Kg2 Rd3 34.h4 Ke6 35.Rc5 Rd5 36.
Rc4 Ke5 37.Kf3 Rd3+ 38.Ke2 Rh3 39.h5 Rh2+ 40.Kf3 Rh3+ 41.Kf2 g6 42.hxg6 hxg6
43.Ke2 Rh2+ 44.Ke3 Rh3+ 45.Ke2 Rg3 46.Kd2 Rf3 47.Rc5+ Ke4 48.Rxa5 Rf2+ 49.Ke1
Rb2 50.Ra8 Kf4 51.a5 Rc2 52.Rb8 Rxc3 53.Rxb7 Ra3 54.Rb6 Rxa5 55.Rxc6 Rxg5 56.
Kf2 Kxg4 57.Kg2 Kh4+ 58.Kh2 Ra5 59.Rc3 g5 1/2-1/2

[Event "Cto. Autonómico por Equipos 2007"]
[Site "Aragón"]
[Date "2007.03.24"]
[Round "9.6"]
[White "Ramon Perez Jose Luis"]
[Black "Guzman Moneo Alberto"]
[Result "1-0"]
[WhiteElo "2336"]
[BlackElo "2237"]

1.e4 c5 2.Nf3 g6 3.d4 cxd4 4.Qxd4 Nf6 5.e5 Nc6 6.Qa4 Nd5 7.Qe4 Nc7 8.Nc3 Bg7
9.Bf4 b5 10.a4 bxa4 11.Bc4 Rb8 12.O-O Rxb2 13.Rxa4 Rb8 14.Rd1 Bb7 15.Qe3 Ne6
16.Bh6 O-O 17.Bxe6 fxe6 18.Rh4 Rxf3 19.Qxf3 Nxe5 20.Qe3 Bf6 21.Bg5 Bxg5 22.
Qxg5 Nf7 23.Qe3 a5 24.Rhd4 Bc6 25.h4 Rb4 26.Rxb4 axb4 27.Ne4 Qa8 28.Ng5 Nxg5
29.Qxg5 Qf8 30.Rd4 Qf6 31.Qc5 e5 32.Rxb4 e4 33.h5 Kg7 34.Rb3 g5 35.Rg3 Kh6 36.
Qc4 d5 37.Qc5 d4 38.Ra3 Kxh5 39.Qc4 Be8 40.Rh3+ Kg4 41.Qc8+ e6 42.Qxe8 Qf4 43.
Qxe6+ 1-0

[Event "Cto. Autonómico por Equipos 2007"]
[Site "Aragón"]
[Date "2007.03.24"]
[Round "9.7"]
[White "Cerrajeria Ruiz Jesus Maria"]
[Black "Remiro Juste Fernando Jose"]
[Result "0-1"]
[WhiteElo "2207"]
[BlackElo "2331"]

1.g3 g6 2.Bg2 Bg7 3.c4 c5 4.Nc3 Nc6 5.e3 d6 6.Nge2 Nf6 7.d4 cxd4 8.Nxd4 Bd7 9.
b3 O-O 10.Bb2 Qa5 11.O-O Nxd4 12.Qxd4 Bc6 13.Rac1 Rfc8 14.Bxc6 bxc6 15.Rfd1
Nd7 16.Qh4 Bf6 17.Qg4 Nc5 18.Rc2 Bg7 19.Kg2 Rab8 20.e4 h5 21.Qe2 Qc7 22.f4 a5
23.Ba3 Ne6 24.Qe3 Qb6 25.Qxb6 Rxb6 26.c5 Nxc5 27.Bxc5 dxc5 28.Na4 Rb4 29.Nxc5
a4 30.bxa4 Bd4 31.a3 Rb2 32.Rxb2 Bxb2 33.Rd3 Ra8 34.Rb3 Bd4 35.Nd3 c5 36.Ne5
Bxe5 37.fxe5 Rxa4 38.Kf3 Kg7 39.h3 Kf8 40.Kf4 Kg7 41.g4 hxg4 42.hxg4 Ra7 43.
Kg5 Ra4 44.Kf4 Ra7 45.Rc3 Ra4 46.g5 Ra5 47.e6 f6 48.Rd3 fxg5+ 49.Kg4 Kf6 50.
Rf3+ Kxe6 51.Kxg5 Ke5 52.Rf7 Ra7 53.Kxg6 Kxe4 54.Rh7 c4 55.Rh4+ Kd3 56.Rh3+
Kc2 57.Kf5 c3 58.Rh8 Rxa3 59.Ke4 Ra7 60.Rb8 Rd7 61.Ke3 Kc1 62.Ke2 c2 63.Rb6
Rd5 64.Rb8 Re5+ 65.Kf2 Kd2 66.Rd8+ Kc1 67.Rb8 Re4 68.Kf3 Re1 69.Kf2 Re5 70.Rb7
e6 71.Kf3 Kd2 72.Kf4 Rd5 0-1

[Event "Cto. Autonómico por Equipos 2007"]
[Site "Aragón"]
[Date "2007.03.24"]
[Round "9.8"]
[White "Mimbela Lopez Miguel Angel"]
[Black "Lana Rodriguez David"]
[Result "1-0"]
[WhiteElo "2232"]
[BlackElo "2123"]

1.d4 d5 2.c4 Nc6 3.e3 e5 4.dxe5 dxc4 5.Qxd8+ Kxd8 6.Nf3 Bg4 7.Bxc4 Bxf3 8.gxf3
Nxe5 9.Be2 g6 10.Bd2 Nd7 11.Nc3 c6 12.O-O-O Kc7 13.Ne4 Be7 14.Bc3 Bf6 $4 15.
Rxd7+ Kxd7 16.Nxf6+ Nxf6 17.Bxf6 Rhc8 18.e4 Ke6 19.e5 b5 20.Rd1 Rc7 21.Bf1 Kf5
22.Bh3+ Kf4 23.Bg4 c5 24.Re1 1-0

[Event "Cto. Autonómico por Equipos 2007"]
[Site "Aragón"]
[Date "2007.03.24"]
[Round "9.9"]
[White "Adla Diego Gustavo"]
[Black "Del Rey Diego"]
[Result "1-0"]
[WhiteElo "2470"]
[BlackElo "2399"]

1.c4 e5 2.g3 f5 3.Bg2 Nf6 4.d3 Bb4+ 5.Bd2 Qe7 6.Nc3 Na6 7.a3 Bxc3 8.Bxc3 c6 9.
Nf3 d6 10.O-O O-O 11.b4 Nc7 12.e3 Kh8 13.Rb1 Bd7 14.c5 Rae8 15.cxd6 Qxd6 16.
Qc2 f4 17.Rfe1 fxe3 18.Rxe3 Ng4 19.Re2 Bf5 20.Rd1 Nb5 21.Nh4 Bd7 22.h3 Nf6 23.
Rde1 Nd4 24.Bxd4 exd4 25.Qc4 b5 26.Qc5 Qxc5 27.bxc5 Rd8 28.Nf3 Be8 29.Ng5 Bd7
30.Ne6 Bxe6 31.Rxe6 Rc8 32.Bxc6 Rc7 33.Rc1 Rb8 34.Bf3 b4 35.axb4 Rxb4 36.Rd6
Kg8 37.g4 h6 38.h4 Kf8 39.g5 hxg5 40.hxg5 Nd7 41.c6 Nb6 42.Re1 Rb5 43.g6 Rc8
44.c7 1-0

[Event "Cto. Autonómico por Equipos 2007"]
[Site "Aragón"]
[Date "2007.03.24"]
[Round "9.10"]
[White "Melendez Fierro Juan Bautista"]
[Black "Villuendas Valero Adrian"]
[Result "1-0"]
[WhiteElo "2232"]
[BlackElo "2224"]

1.e4 e5 2.Nf3 Nc6 3.Bb5 a6 4.Bxc6 dxc6 5.O-O Bg4 6.h3 Bh5 7.g4 Bg6 8.Nxe5 Bd6
9.Nxg6 hxg6 10.Qf3 Qh4 11.e5 Be7 12.Kg2 O-O-O 13.Qg3 Qh7 14.Nc3 f6 15.f4 g5
16.d3 gxf4 17.Bxf4 g5 18.Be3 fxe5 19.Ne4 Nh6 20.Nxg5 Qg6 21.Ne4 Rdg8 22.Bxh6
Rxh6 23.Rf5 Rgh8 24.Rh1 Qg8 25.Qxe5 Re6 26.Qf4 Bd6 27.Nxd6+ cxd6 28.Rf1 Re2+
29.Kg3 Re8 30.Rf7 1-0

[Event "Cto. Autonómico por Equipos 2007"]
[Site "Aragón"]
[Date "2007.03.24"]
[Round "9.11"]
[White "Cortes Lizano Jesus"]
[Black "Anglada Lobarte Jose Andres"]
[Result "1-0"]
[WhiteElo "2154"]
[BlackElo "2229"]

1.c4 c6 2.Nf3 d5 3.e3 e6 4.Be2 f5 5.b3 Nf6 6.Bb2 Bd6 7.d3 O-O 8.Nbd2 Nbd7 9.
Nd4 Qe7 10.cxd5 Nxd5 11.O-O Rf6 12.g3 Rh6 13.Nc4 Bc7 14.e4 fxe4 15.dxe4 Nf4
16.Bf3 Nf8 17.e5 Qg5 18.Ne2 Nh3+ 19.Kh1 Qf5 20.Nd4 Qf7 21.Bc1 g5 22.Qe2 Ng6
23.Bg2 c5 24.Nf3 Qf5 25.Ne3 Qf8 26.Ng4 b6 27.Nxg5 Ngf4 28.Nxh6+ Qxh6 29.gxf4
1-0

[Event "Cto. Autonómico por Equipos 2007"]
[Site "Aragón"]
[Date "2007.03.24"]
[Round "9.12"]
[White "Romon Poves Raul"]
[Black "Lafarga Bueno Daniel"]
[Result "1/2-1/2"]
[WhiteElo "2225"]
[BlackElo "1829"]

1.d4 Nf6 2.c4 e6 3.Nc3 Bb4 4.Qc2 O-O 5.Nf3 Bxc3+ 6.Qxc3 Ne4 7.Qc2 f5 8.e3 b6
9.Be2 Bb7 10.O-O d6 11.b3 Nd7 12.Ne1 Qh4 13.d5 exd5 14.cxd5 Bxd5 15.Bc4 Bf7
16.Nf3 Qd8 17.Bxf7+ Rxf7 18.Nd4 c5 19.Nxf5 d5 20.Ng3 Nxg3 21.hxg3 Nf6 22.Bb2
Qe7 23.Rad1 Rd8 24.Qf5 Qe4 25.Qxe4 Nxe4 26.g4 Rfd7 27.f3 Ng5 28.Rd2 Ne6 29.
Rfd1 Nc7 30.Be5 Ne6 31.Kh2 Kf7 32.f4 g6 33.Kg3 b5 34.Rh1 Kg8 35.Rhd1 Kf7 36.e4
d4 37.f5 gxf5 38.gxf5 Nf8 39.b4 cxb4 40.Rxd4 Rxd4 41.Rxd4 Rxd4 42.Bxd4 a5 43.
e5 a4 44.e6+ Nxe6 45.fxe6+ Kxe6 46.Kf4 Kd5 47.Bf6 Kc4 48.Kg5 b3 49.axb3+ Kxb3
50.Kh6 Kc2 51.Be7 Kc3 52.g4 b4 53.g5 b3 54.Kxh7 b2 55.Bf6+ Kc2 56.Bxb2 Kxb2
57.g6 a3 1/2-1/2

[Event "Cto. Autonómico por Equipos 2007"]
[Site "Aragón"]
[Date "2007.03.24"]
[Round "9.13"]
[White "Hefty Hilardo Jorge Walter"]
[Black "Lamas Manuel"]
[Result "1/2-1/2"]
[WhiteElo "2337"]
[BlackElo "2270"]

1.d4 d5 2.c4 Bf5 3.cxd5 Bxb1 4.Qa4+ c6 5.Rxb1 Qxd5 6.e3 Nd7 7.Qc4 Ngf6 8.Nf3
e6 9.a3 Bd6 10.Qc2 Ne4 11.Bc4 Qf5 12.Nh4 Qg4 13.g3 Ng5 14.O-O Qe4 15.Qxe4 Nxe4
16.f3 Nef6 17.Bd2 O-O 18.Rfd1 c5 19.Bc3 cxd4 20.Bxd4 Bc5 21.Bb5 Rfd8 22.Bxc5
Nxc5 23.Rxd8+ Rxd8 24.Rc1 Na6 25.Ng2 g5 26.Rc2 Rd5 27.Bc4 Rc5 28.b4 Rc7 29.Ne1
Nb8 30.g4 Nbd7 31.Kf2 Ne5 32.Be2 Rxc2 33.Nxc2 Kf8 34.h3 Nd5 35.Kg3 h6 36.h4
Nc3 37.hxg5 Nxe2+ 38.Kf2 Nc3 39.gxh6 Kg8 40.g5 Kh7 41.f4 Nc4 42.Kf3 b5 43.Kg4
Nb1 44.e4 Nbxa3 45.Nd4 e5 46.fxe5 Nxe5+ 47.Kf5 Ng6 48.Kf6 Kg8 49.e5 Nf8 50.e6
Nh7+ 51.Kf5 fxe6+ 52.Nxe6 Nc2 53.g6 Nxb4 54.Nc7 Nc6 55.Nxb5 Ne7+ 56.Ke6 Nxg6
57.Nxa7 1/2-1/2

[Event "Cto. Autonómico por Equipos 2007"]
[Site "Aragón"]
[Date "2007.03.24"]
[Round "9.14"]
[White "Llanes Luno Ricardo"]
[Black "Munoz Munoz Juan Carlos"]
[Result "1-0"]
[WhiteElo "2225"]
[BlackElo "2149"]

1.e4 c5 2.Nf3 Nc6 3.d4 cxd4 4.Nxd4 g6 5.Nc3 Bg7 6.Be3 Nf6 7.Bc4 Qa5 8.O-O O-O
9.Nb3 Qc7 10.Bg5 Qb8 11.Qd2 a5 12.a4 Nb4 13.Nd4 Ng4 14.Bf4 d6 15.Ndb5 Bd7 16.
Rad1 Ne5 17.Bb3 Ra6 18.h3 Qc8 19.Bxe5 Bxe5 20.f4 Bg7 21.e5 Bxb5 22.axb5 Qc5+
23.Qf2 Qxf2+ 24.Rxf2 Raa8 25.exd6 exd6 26.Rxd6 Rad8 27.Rfd2 Bf6 28.Ne4 Rxd6
29.Rxd6 Bxb2 30.c3 a4 31.Bxa4 Na2 32.c4 Nc3 33.Nxc3 Bxc3 34.c5 Rc8 35.c6 bxc6
36.bxc6 Rc7 37.Kf2 Kf8 38.g4 Ke7 39.Rd3 Bb4 40.Ke3 Bd6 41.g5 Ra7 42.Bb5 Ra5
43.Rb3 f6 44.gxf6+ Kxf6 45.Ke4 Ra1 46.Bc4 Re1+ 47.Kd5 Rd1+ 48.Ke4 Re1+ 49.Kf3
Re7 50.Rd3 Bc7 51.Rd5 h6 52.Rd3 g5 53.fxg5+ hxg5 54.Rd5 Re5 55.Rd7 Re7 56.Rd3
Re5 57.Bd5 Kf5 58.Bg8 Re7 59.Rd5+ Kf6 60.Rb5 Re5 61.Rb7 Re7 62.Bd5 Bf4 63.Rb3
Bc7 64.Be4 Bf4 65.Rb4 Bd6 66.Rd4 Bc7 67.Ra4 Bd6 68.Ke3 Bc7 69.Kd4 Bb6+ 70.Kd5
Bc7 71.Ra8 Re5+ 72.Kd4 Re7 73.Bd5 Bb6+ 74.Kc4 Bc7 75.Rf8+ Ke5 76.Rf3 Kd6 77.
Rf6+ Ke5 78.Rg6 Kf4 79.Be6 Be5 80.Bd7 Bc7 81.Kb5 Ke4 82.Ka6 Re5 83.Kb7 Ba5 84.
c7 Bxc7 85.Kxc7 Kf4 86.Kd6 Re3 87.Be6 Ra3 88.Ke7 Ra5 89.Kf6 Rc5 90.Rg8 Ra5 91.
Rb8 Kg3 92.Rb3+ Kh4 93.Rb8 Kg3 94.Rh8 Rc5 95.Rh5 Kf4 96.h4 {Tiempo} 1-0

[Event "Cto. Autonómico por Equipos 2007"]
[Site "Aragón"]
[Date "2007.03.24"]
[Round "9.15"]
[White "Fernando Gros Jorge Luis"]
[Black "Roche Simon Miguel Angel"]
[Result "0-1"]
[WhiteElo "2084"]
[BlackElo "2180"]

1.d4 d5 2.c4 e6 3.Nc3 c5 4.cxd5 exd5 5.Nf3 Nc6 6.g3 Nf6 7.Bg2 a6 8.O-O c4 9.
Ne5 Be7 10.e4 dxe4 11.Nxc6 bxc6 12.Nxe4 O-O 13.Nxf6+ Bxf6 14.Be3 Qb6 15.Qa4
Bxd4 16.Qxc6 Bxe3 17.Qxb6 Bxb6 18.Bxa8 Bd4 19.Bd5 Bxb2 20.Bxc4 Bxa1 21.Rxa1 a5
22.Re1 Rd8 23.Re7 Bh3 24.Bf1 Kf8 25.Re1 Be6 26.a4 Rd4 27.Bb5 g5 28.f3 h6 29.
Kf2 Ke7 30.Ke3 Rb4 31.Rd1 f5 32.Rd4 Rb2 33.h4 Rg2 34.hxg5 hxg5 35.Bf1 Rxg3 36.
Kf2 f4 37.Re4 Kd6 38.Rd4+ Kc5 39.Rd8 Bd5 40.Be2 Rh3 41.Rb8 Kd4 42.Rb5 Rh2+ 43.
Kf1 Rxe2 0-1

[Event "Cto. Autonómico por Equipos 2007"]
[Site "Aragón"]
[Date "2007.03.24"]
[Round "9.16"]
[White "Llanes Luno Pedro Alfredo"]
[Black "Martinez Crespo Juan"]
[Result "0-1"]
[WhiteElo "2154"]
[BlackElo "1888"]

1.e4 e5 2.d4 exd4 3.f4 Nc6 4.a3 Qe7 5.Bd3 Nf6 6.Qe2 d6 7.Nf3 Bg4 8.Nbd2 O-O-O
9.O-O h6 10.h3 Bxf3 11.Qxf3 Re8 12.b4 a6 13.Bb2 Qd7 14.Nb3 d5 15.e5 Ne4 16.b5
axb5 17.Bxb5 Qe6 18.a4 g5 19.f5 Qxe5 20.Bxc6 Bd6 21.g3 Nxg3 22.Rf2 bxc6 23.
Bxd4 Qe4 24.Bxh8 Rxh8 25.Qxe4 Nxe4 26.Rf3 Rg8 27.Kf1 c5 28.Ke2 g4 29.hxg4 Rxg4
30.Re1 c4 31.Na1 Bb4 32.Rc1 Rg2+ 33.Kf1 Rh2 34.Kg1 Rd2 35.Kf1 Bc5 36.Ke1 Rg2
37.c3 Bf2+ 38.Kd1 Bh4 39.Rb1 Rg1+ 40.Kc2 Rxb1 0-1

[Event "Cto. Autonómico por Equipos 2007"]
[Site "Aragón"]
[Date "2007.03.24"]
[Round "9.17"]
[White "Valles Mata David"]
[Black "Garza Marco Sergio"]
[Result "0-1"]
[WhiteElo "2130"]
[BlackElo "2380"]

1.e4 c5 2.Nc3 Nc6 3.g3 g6 4.Bg2 Bg7 5.d3 d6 6.f4 e6 7.Nf3 Nge7 8.O-O O-O 9.Ne2
b6 10.c3 Ba6 11.Be3 Rc8 12.d4 cxd4 13.Nfxd4 Nxd4 14.Bxd4 Bxd4+ 15.cxd4 d5 16.
Rf2 dxe4 17.Bxe4 Qd7 18.Nc3 Rfd8 19.Rd2 Rc4 20.d5 Qd6 21.Qf3 exd5 22.Nxd5 Qc5+
23.Kg2 Nxd5 24.Rxd5 Rxd5 25.Bxd5 Rc2+ 26.Kh1 Rxb2 27.Re1 Qc2 28.Qg2 Bc4 0-1

[Event "Cto. Autonómico por Equipos 2007"]
[Site "Aragón"]
[Date "2007.03.24"]
[Round "9.19"]
[White "Fontana Sotomayour Luis Javier"]
[Black "Sig Vargas Marcos"]
[Result "1/2-1/2"]
[WhiteElo "2320"]
[BlackElo "2101"]

1.Nc3 e5 2.Nf3 Nc6 3.d4 exd4 4.Nxd4 Bc5 5.Be3 Bb6 6.Nd5 Nf6 7.Nxb6 axb6 8.Nxc6
bxc6 9.Qd4 Qe7 10.Bg5 Ra5 11.Bxf6 gxf6 12.e3 Rg8 13.a3 Rd5 14.Qf4 d6 15.f3 Qe5
16.Qxe5+ fxe5 17.b4 e4 18.f4 c5 19.g3 Rh5 20.Bg2 Bb7 21.Kf2 Ke7 22.h3 Rd5 23.
Rhd1 Rxd1 24.Rxd1 Ra8 25.bxc5 bxc5 26.Ra1 Ra4 27.Ke2 d5 28.c3 Ba6+ 29.Kd2 Bd3
30.g4 Ra6 31.a4 Ra5 32.g5 Bb5 33.h4 Rxa4 34.Rxa4 Bxa4 35.c4 Bb3 36.cxd5 Bxd5
37.Bh3 Be6 38.f5 Bd7 39.f6+ Kd6 40.Bg2 Ke5 41.Kc3 Bb5 42.Bh3 h6 43.gxh6 Kxf6
44.h7 Kg7 45.Bf5 Bd3 46.h5 c6 47.h6+ Kh8 48.Kb3 Be2 49.Bxe4 c4+ 50.Kc3 Bd3 51.
Bxd3 1/2-1/2

[Event "Cto. Autonómico por Equipos 2007"]
[Site "Aragón"]
[Date "2007.03.24"]
[Round "9.19"]
[White "Guetas Sanchez Hugo"]
[Black "Fandino Roquelina"]
[Result "0-1"]
[WhiteElo "2085"]
[BlackElo "2104"]

1.e4 e5 2.Nf3 d6 3.d4 exd4 4.Nxd4 Nf6 5.Nc3 Be7 6.Be3 O-O 7.Qd2 a6 8.a4 Nc6 9.
f4 Bd7 10.a5 Re8 11.Be2 Bf8 12.Bf3 Nxd4 13.Qxd4 c5 14.Qd3 Bc6 15.O-O Qe7 16.
Rae1 Qc7 17.Bd2 Rad8 18.Nd5 Nxd5 19.exd5 Bd7 20.c4 Rxe1 21.Rxe1 Re8 22.Rb1 Qc8
23.Be4 f5 24.Bf3 Qd8 25.Qb3 Bc8 26.Qd3 Be7 27.b4 cxb4 28.Rxb4 Qxa5 29.Rxb7 Qa4
30.Rb8 Bf6 31.h3 g6 32.Rb6 Rd8 33.Bb4 Qa1+ 34.Kh2 Bd4 35.Qd1 Qxd1 36.Bxd1 Bxb6
0-1

[Event "Cto. Autonómico por Equipos 2007"]
[Site "Aragón"]
[Date "2007.03.24"]
[Round "9.20"]
[White "Maza Broto Pablo"]
[Black "Escuer Sanchez Nestor"]
[Result "0-1"]
[WhiteElo "1981"]
[BlackElo "2081"]

1.c4 e5 2.Nc3 Nc6 3.g3 g6 4.Bg2 Bg7 5.e3 Nge7 6.Nge2 O-O 7.O-O d6 8.d4 Kh8 9.
d5 Na5 10.b3 f5 11.Qd2 b6 12.Bb2 Nb7 13.Rad1 g5 14.f4 Ng6 15.b4 a5 16.a3 axb4
17.axb4 Qe7 18.Nb5 Bd7 19.Nxc7 Rac8 20.Ne6 Bxe6 21.dxe6 Rxc4 22.Nc3 gxf4 23.
Qd5 Rc7 24.Nb5 Rc2 25.Qxb7 Qxb7 26.Bxb7 Rxb2 27.exf4 exf4 28.Nxd6 Rxb4 29.Rde1
fxg3 30.hxg3 Ne7 31.Rc1 Bd4+ 32.Kh2 Bc5 33.Rcd1 Kg7 34.Nf7 Rd4 35.Ne5 Rxd1 36.
Rxd1 Rf6 37.Nd7 Rxe6 38.Nxc5 bxc5 39.Rc1 Re5 40.Kg2 Kf6 41.Rh1 Kg6 42.Kf3 h6
43.Kf4 Re2 44.Bf3 Rd2 45.Re1 Nd5+ 46.Ke5 Nb4 47.Rh1 Nd3+ 48.Ke6 c4 49.g4 fxg4
50.Bxg4 c3 0-1

[Event "Cto. Autonómico por Equipos 2007"]
[Site "Aragón"]
[Date "2007.03.24"]
[Round "9.21"]
[White "Colas Longares Rafael P"]
[Black "Hernando Garcia Antonio"]
[Result "1-0"]
[WhiteElo "2346"]
[BlackElo "2209"]

1.e4 d5 2.exd5 Qxd5 3.Nc3 Qd8 4.d4 c6 5.Ne4 Nd7 6.Ng5 Ngf6 7.Bd3 e6 8.N1f3 Be7
9.Qe2 O-O 10.Be3 Bd6 11.O-O-O Qc7 12.Kb1 Re8 13.Rhe1 h6 14.h4 hxg5 15.hxg5 Nd5
16.Rh1 b6 17.g6 f6 18.Rh7 Nxe3 19.fxe3 Bb7 20.Ng5 Kf8 21.Qh5 Ke7 22.Nxe6 Kxe6
23.Rxg7 Be7 24.Qf5+ Kd6 25.Qf4+ Ne5 26.dxe5+ fxe5 27.Be2+ 1-0

[Event "Cto. Autonómico por Equipos 2007"]
[Site "Aragón"]
[Date "2007.03.24"]
[Round "9.22"]
[White "Chueca Forcen Alberto"]
[Black "Trigo Conde Isaac"]
[Result "1/2-1/2"]
[WhiteElo "2110"]
[BlackElo "2250"]

1.d4 Nf6 2.c4 g6 3.Nc3 Bg7 4.e4 d6 5.f4 O-O 6.Nf3 c5 7.d5 e6 8.dxe6 fxe6 9.Bd3
Nc6 10.O-O e5 11.f5 Nd4 12.fxg6 hxg6 13.Nxd4 exd4 14.Nd5 Ng4 15.h3 Ne5 16.Bf4
Be6 17.Qd2 Qd7 18.Rf2 Rf7 19.Raf1 Raf8 20.Be2 Kh7 21.g4 b5 22.b3 bxc4 23.bxc4
Qa4 24.Bxe5 Rxf2 25.Rxf2 dxe5 26.Rxf8 Bxf8 27.Nf6+ Kg7 28.Qg5 Be7 29.Qxe5 Bxf6
30.Qxe6 Qc2 31.Qd7+ Kh6 32.Kf1 Qc1+ 33.Kg2 Qd2 34.Kf1 Qc1+ 35.Kg2 Qd2 36.Kf1
Bh4 37.g5+ Bxg5 38.Qe8 Qf4+ 39.Kg2 Bh4 40.Qh8+ Kg5 41.Qd8+ Kh6 42.Qh8+ Kg5 43.
Qd8+ Qf6 44.Qxf6+ Kxf6 1/2-1/2

[Event "Cto. Autonómico por Equipos 2007"]
[Site "Aragón"]
[Date "2007.03.24"]
[Round "9.23"]
[White "Garcia Vicente Nieves"]
[Black "Sarto Ramos Angel"]
[Result "1-0"]
[WhiteElo "2207"]
[BlackElo "2092"]

1.d4 g6 2.c4 c5 3.Nc3 cxd4 4.Qxd4 Nf6 5.Bg5 Nc6 6.Qd2 Bg7 7.e4 d6 8.Be2 O-O 9.
Nf3 Be6 10.O-O a6 11.Rac1 Qa5 12.Rfd1 Rfe8 13.b3 Rac8 14.h3 Kf8 15.Be3 Bd7 16.
Nd4 Nxd4 17.Bxd4 b5 18.Qe3 bxc4 19.Bxc4 Bb5 20.Nxb5 axb5 21.Be2 b4 22.Bc4 Qh5
23.Ra1 Bh6 24.Qe1 Bf4 25.Bxf6 exf6 26.Qxb4 Rc5 27.Rd5 Rxd5 28.Bxd5 Qe5 29.Rd1
Kg7 30.Qd4 Qe7 31.g3 Be5 32.Qd2 Qa7 33.Kg2 Rc8 34.Bc4 Qb7 35.Qd5 Qa7 36.a4 Rc5
37.Qd3 g5 38.Rf1 Rc7 39.Qf3 Qd4 40.Rd1 Qb2 41.a5 Bd4 42.Qe2 Qc3 43.Qd3 Qxd3
44.Rxd3 Bc5 45.a6 Kf8 46.Rd1 Ke7 47.Ra1 Ba7 48.Ra5 Rc5 49.Rxc5 dxc5 50.f4 h6
51.Kf3 h5 52.Kg2 Bb8 53.Be2 h4 54.gxh4 gxf4 55.Kf3 Ke6 56.Bc4+ Ke5 57.h5 f5
58.exf5 Kxf5 59.Bxf7 Kg5 60.h4+ Kh6 61.Kg4 Kg7 62.Bd5 Kf6 63.Be4 Ke5 64.Kf3
Kf6 65.h6 Kf7 66.h5 Kf6 67.Ke2 Kf7 68.Kd3 Kf6 69.Bf3 Kf7 70.Kc4 Ba7 71.Kd5 Kg8
72.Be4 Kh8 73.Kc6 c4 74.bxc4 1-0

[Event "Cto. Autonómico por Equipos 2007"]
[Site "Aragón"]
[Date "2007.03.24"]
[Round "9.25"]
[White "Bescos Cortes Daniel"]
[Black "Glavina Rossi Pablo"]
[Result "0-1"]
[WhiteElo "2234"]
[BlackElo "2452"]

1.e4 e5 2.Nc3 Nc6 3.g3 Bc5 4.Bg2 d6 5.Nge2 h5 6.h3 Nge7 7.O-O h4 8.g4 g5 9.Na4
Ng6 10.Nxc5 dxc5 11.d3 Nf4 12.Be3 Qd6 13.Qd2 Be6 14.b3 Nd4 15.Nxd4 cxd4 16.
Bxf4 gxf4 17.c4 Ke7 18.Bf3 c5 19.a3 b5 20.Rfb1 Rhb8 21.a4 bxc4 22.bxc4 a5 23.
Rb5 Qc7 24.Rab1 Rxb5 25.axb5 a4 26.Bd1 a3 27.f3 a2 28.Ra1 Qa5 29.Qxa5 Rxa5 30.
Kf2 Ra3 31.Ke2 Kd6 32.Kd2 Kc7 33.Kc2 Kb6 34.Be2 Ka5 35.Kb2 Kb4 36.Bf1 Bxc4 37.
dxc4 Rxf3 38.b6 Rf2+ 39.Kc1 Rxf1+ 40.Kb2 Rf2+ 41.Kc1 Kc3 0-1